Địa hóa học cảnh quan

Αποθηκεύτηκε σε:
Λεπτομέρειες βιβλιογραφικής εγγραφής
Κύριος συγγραφέας: A I Perelman
Μορφή: Βιβλίο
Γλώσσα:Undetermined
Έκδοση: Hà Nội KHKT 1974
Θέματα:
Ετικέτες: Προσθήκη ετικέτας
Δεν υπάρχουν, Καταχωρήστε ετικέτα πρώτοι!
Thư viện lưu trữ: Trung tâm Học liệu Trường Đại học Cần Thơ
LEADER 00460nam a2200169Ia 4500
001 CTU_10119
008 210402s9999 xx 000 0 und d
082 |a 551.9 
082 |b P437 
100 |a A I Perelman 
245 0 |a Địa hóa học cảnh quan 
245 2 |c A I Perelman; Dịch giả: Trịnh Sanh 
260 |a Hà Nội 
260 |b KHKT 
260 |c 1974 
650 |a geochemistry 
980 |a Trung tâm Học liệu Trường Đại học Cần Thơ